000 00709nam a2200205 i 4500
001 28499
003 ES-MaACL
005 20231227153616.0
007 t|
008 030117s1874 sp ||||1| spa d
080 _a(038)=134.2'373.45
100 1 _aBaralt, Rafael María.
_925302
245 1 0 _aDiccionario de galicismos /
_cpor Rafael María Baralt ; con un prólogo de Juan Eugenio Hartzenbusch.
260 _aMadrid ;
_aCaracas :
_b[s.n.,
_c1874] (
_fLeocadio López)
300 _aXXI, 627 p. ;
_c24 cm.
650 4 _aLengua española-
_xGalicismos-
_vDiccionarios.
_9152280
700 1 _aHartzenbusch, Juan Eugenio,
_d1806-1880
_962011
852 _aES-MaACL
_jB-316
999 _c28499
_d28499